000 00681nam a2200193Ii 4500
003 JO-AjNU
008 230605s9999||||xx |||||||||||||| ||und||
040 _aJO-AjNU
_bara
_erda
_cJO-AjNU
041 _aara
050 1 4 _aGB54.5.J8234 1998
100 3 _aجودة، جودة حسنين,
_eauthor
_937584
245 0 0 _aالجغرافيا الطبيعية والخرائط
264 3 1 _aالازاريطة: دارالمعرفة الجامعية، 1998
300 _a382ص
_bخرائط وصور توضيحية
336 _atext
_btxt
_2rdacontent
337 _aunmediated
_bn
_2rdamedia
338 _avolume
_bnc
_2rdacarrier
650 4 _aالجغرافية الطبيعية
_937585
999 _aA15716
_c19284
_d19284